| 000 | 00646nam a2200193 a 4500 | ||
|---|---|---|---|
| 001 | 000035620 | ||
| 005 | 20200930074459.0 | ||
| 008 | 111105s2010 br 000 p spa d | ||
| 020 | _a9788520924266 | ||
| 040 |
_aDO-SdBNP _bspa _cBNPHU |
||
| 082 |
_aB869.1 _bC289p |
||
| 100 | 1 |
_aCarneiro, Geraldo, _d1952- _961524 |
|
| 245 | 1 | 0 |
_aPoemas reunidos / _cGeraldo Carneiro. |
| 260 |
_aRio de Janeiro, Brasil : _bMinistério da Cultura. Fundação Biblioteca Nacional : _bNova Fronteira, _c2010. |
||
| 300 |
_a462 p. ; _c24 cm. |
||
| 650 | 4 |
_aPoesía brasileña _9822 |
|
| 650 | 4 |
_aLiteratura brasileña _9823 |
|
| 910 | _aValidado. Control de calidad MFF | ||
| 999 |
_c35111 _d35111 |
||